000 00704nam a2200229Ia 4500
003 OSt
005 20241127104157.0
008 210716s2005 xx 000 0 und d
020 _a812590946X
040 _cAIMIT LIBRARY
041 _aeng
082 _a001.0726588
_23
_b NEES
100 _aNeelamegham, S.
_9186773
245 _aMarketing in India :
_bcases and readings /
_cBy S Neelamegham.
250 _a3rd ed
260 _aNew Delhi :
_bVikas Publishing House Pvt Ltd ,
_c2005.
300 _axix,506p. ;
_bPB
_c25.2 cm
650 _aProduct strategies
_9186774
650 _aPricing strategies
_9186775
650 _aDistribution strategies
_9186776
942 _2ddc
_cBK
_e3rd
_k001.0726588 NEES
999 _c201158
_d201158